000 00872aaa a2200253 4500
001 13024
003 HDC
007 cr bn ---aaaaa
008 210211p2007 my o 0o0 0 m eng
040 _aHDC
245 0 _aMalaysia and the Knowledge Economy: Building a World-Class Higher Education System
260 _a[no place] :
_b[publisher not identified] ,
_c[no year]
300 _a285 pages
336 _atext
_2rdacontent
337 _acomputer
_2rdamedia
338 _aonline resource
_2rdacarrier
650 _aEconomic
_9313
650 _aKnowledge economy
_zMalaysia
_913868
710 _aMalaysia.
_bUnit Perancang Ekonomi
856 _zRequest full-text at [email protected]
942 _2lcc
942 _cEBOOK
942 _kEBOK 000963
999 _c10340
_d10340